| 000 | 00866nam a2200217 a 4500 | ||
|---|---|---|---|
| 001 | 000046518 | ||
| 005 | 20201002052929.0 | ||
| 008 | 150821s2015 dr d r 000 0 spa d | ||
| 020 | _a9789945897616 | ||
| 040 |
_aDO-SdBNP _bspa _cBNPHU |
||
| 082 |
_axxxx _bxxxx |
||
| 100 | 1 |
_aAmeringer, Charles D. _974504 |
|
| 240 | 1 | 0 | _aThe Caribbean Legion:patriots, politicians, soldiers of fortune, 1946-1950 |
| 245 | 1 | 3 |
_aLa legión del Caribe : _bpatriotas, políticos y mercenarios, 1946-1950 / _cCharles D. Ameringer ; traducción Rosario Flores Paz. |
| 260 |
_aSanto Domingo : _bAcademia Dominicana de la Historia, _c2015. |
||
| 300 |
_a263 p. : _bil., gráfs. ; _c23 cm. |
||
| 490 | 1 |
_aAcademia Dominicana de la Historia _v124 |
|
| 500 | _aIncluye índice onomástico | ||
| 700 | 1 | 2 |
_aFlores Paz, Rosario _965366 |
| 830 | 0 |
_aAcademia Dominicana de la Historia _n124 _974505 |
|
| 999 |
_c46007 _d46007 |
||